Current levels of perceived stress among mental health social workers who work with suicidal clients. (Record no. 94519)

000 -LEADER
fixed length control field 00575pab a2200217 454500
008 - FIXED-LENGTH DATA ELEMENTS--GENERAL INFORMATION
fixed length control field 180718b2011 xxu||||| |||| 00| 0 eng d
100 ## - MAIN ENTRY--PERSONAL NAME
Personal name Ting, Laura
245 ## - TITLE STATEMENT
Title Current levels of perceived stress among mental health social workers who work with suicidal clients.
260 ## - PUBLICATION, DISTRIBUTION, ETC.
Date of publication, distribution, etc. 2011
300 ## - PHYSICAL DESCRIPTION
Extent p.327-336.
362 ## - DATES OF PUBLICATION AND/OR SEQUENTIAL DESIGNATION
Dates of publication and/or sequential designation Oct
650 ## - SUBJECT ADDED ENTRY--TOPICAL TERM
Topical term or geographic name entry element Occupational diseases
650 ## - SUBJECT ADDED ENTRY--TOPICAL TERM
Topical term or geographic name entry element Suicide
650 ## - SUBJECT ADDED ENTRY--TOPICAL TERM
Topical term or geographic name entry element Social worker
650 ## - SUBJECT ADDED ENTRY--TOPICAL TERM
Topical term or geographic name entry element Mental Health
700 ## - ADDED ENTRY--PERSONAL NAME
Personal name Sanders, Sara
700 ## - ADDED ENTRY--PERSONAL NAME
Personal name Jacobson, Jodi M.
773 ## - HOST ITEM ENTRY
Main entry heading Social Work
908 ## - PUT COMMAND PARAMETER (RLIN)
Put command parameter N
909 ## -
-- 94519
Holdings
Withdrawn status Lost status Damaged status Not for loan Permanent Location Current Location Date acquired Serial Enumeration / chronology Barcode Date last seen Price effective from Koha item type
        Indian Institute of Public Administration Indian Institute of Public Administration 2018-07-19 Volume no: 56, Issue no: 4 AR94979 2018-07-19 2018-07-19 Articles

Powered by Koha